[Event "Mitropa Cup Open 2024"]
[Site "Apolda"]
[Date "2024.02.17"]
[Round "3.4"]
[White "Fecker, Noah"]
[Black "Kollars, Dmitrij"]
[Result "0-1"]
[WhiteElo "2397"]
[BlackElo "2632"]
[PlyCount "54"]
[EventDate "2024.??.??"]
[SourceTitle "playchess.com"]
[Source "ChessBase"]
[SourceQuality "1"]
[WhiteTeam "Switzerland"]
[BlackTeam "Germany"]
[WhiteTeamCountry "SUI"]
[BlackTeamCountry "GER"]

1. e4 e5 2. Nc3 Nf6 3. d4 exd4 4. Qxd4 Nc6 5. Qd3 Bc5 6. Bf4 d6 7. O-O-O O-O 8. f3 Be6 9. Qd2 a6 10. h4 b5 11. h5 Nd7 12. h6 g6 13. Nh3 Nce5 14. Be3 b4 15. Na4 Bxe3 16. Qxe3 a5 17. Kb1 Qe7 18. f4 Ng4 19. Qg3 Ndf6 20. Ng5 Bd7 21. Be2 Nh5 22. Qf3 Nxh6 23. Rxh5 gxh5 24. Qxh5 f6 25. Bc4+ Kh8 26. Nf3 Ng4 27. Nh4 Qe8 (27... Qxe4 28. Bd3 Be8 29. Qxg4) 0-1

[Event "Mitropa Cup Open 2024"]
[Site "Apolda"]
[Date "2024.02.21"]
[Round "7.20"]
[White "Karacsonyi, Gellert"]
[Black "Svane, Frederik"]
[Result "0-1"]
[WhiteElo "2398"]
[BlackElo "2625"]
[PlyCount "74"]
[EventDate "2024.??.??"]
[SourceTitle "playchess.com"]
[Source "ChessBase"]
[SourceQuality "1"]
[WhiteTeam "Hungary"]
[BlackTeam "Germany"]
[WhiteTeamCountry "HUN"]
[BlackTeamCountry "GER"]

1. e4 e6 2. d4 d5 3. e5 c5 4. c3 Nc6 5. Nf3 Bd7 6. Be2 Nge7 7. O-O Nf5 8. dxc5 Bxc5 9. Nbd2 O-O 10. c4 Bb6 11. Bd3 Nfd4 12. Nxd4 Nxd4 13. Qh5 g6 14. Qh6 Bc6 15. Nb3 dxc4 16. Bxc4 Nf5 17. Qg5 a5 18. Qxd8 Rfxd8 19. Bg5 Rdc8 20. Nd2 Bd4 21. Bf6 Bxb2 22. Rab1 Bc3 23. Rfd1 Ng7 24. f4 Nh5 25. Bg5 Kg7 26. g3 f6 27. exf6+ Nxf6 28. Bxe6 Re8 29. Bxf6+ Kxf6 30. Bc4 Rad8 31. Nb3 a4 32. Na1 b5 33. Be2 Rxd1+ 34. Bxd1 Be4 35. Nc2 Rd8 36. Rc1 Bb2 37. Rb1 a3 0-1

[Event "Mitropa Cup Women 2024"]
[Site "Apolda"]
[Date "2024.02.20"]
[Round "6.18"]
[White "Schneider, Jana"]
[Black "Schippke, Manon"]
[Result "1-0"]
[WhiteElo "2331"]
[BlackElo "2162"]
[PlyCount "67"]
[EventDate "2024.02.15"]
[EventType "team-tourn"]
[EventCountry "GER"]
[SourceTitle "playchess.com"]
[Source "ChessBase"]
[SourceQuality "1"]
[WhiteTeam "Germany"]
[BlackTeam "France"]
[WhiteTeamCountry "GER"]
[BlackTeamCountry "FRA"]

1. e4 c5 2. Nf3 e6 3. d4 cxd4 4. Nxd4 a6 5. Bd3 Bc5 6. Nb3 Ba7 7. O-O Nc6 8. Qg4 Qf6 9. Qg3 h6 10. Nc3 Ne5 11. Be3 Bxe3 12. Qxe3 Nxd3 13. Qxd3 Ne7 14. Qd6 Nc6 15. Na4 Qe7 16. Rfd1 b5 17. Nac5 Qxd6 18. Rxd6 g5 19. Rad1 Ne5 20. Na5 Ke7 21. b4 f6 22. a4 Rb8 23. c3 Nf7 24. Rxe6+ dxe6 25. Nc6+ Kf8 26. Nxb8 bxa4 27. Nxa4 Rh7 28. Nc5 Ke8 29. Nbxa6 Ne5 30. Rd6 Ke7 31. Rb6 Rh8 32. Rb8 Rd8 33. Kf1 Nc6 34. Ra8 1-0

[Event "Mitropa Cup Women 2024  KOMBI"]
[Site "Apolda"]
[Date "2024.02.20"]
[Round "6.20"]
[White "Schulze, Lara"]
[Black "Blanquet, Camille"]
[Result "1-0"]
[WhiteElo "2285"]
[BlackElo "2023"]
[PlyCount "67"]
[EventDate "2024.02.15"]
[EventType "team-tourn"]
[EventCountry "GER"]
[SourceTitle "playchess.com"]
[Source "ChessBase"]
[SourceQuality "1"]
[WhiteTeam "Germany"]
[BlackTeam "France"]
[WhiteTeamCountry "GER"]
[BlackTeamCountry "FRA"]

1. e4 d6 2. d4 Nf6 3. Nc3 Nbd7 4. h3 e5 5. g4 exd4 6. Qxd4 Nc5 7. Bg2 Be7 8. Nge2 O-O 9. Be3 c6 10. a4 Qc7 11. O-O Re8 12. Ng3 Bf8 13. Rad1 b6 14. Qd2 Ba6 15. Rfe1 Rad8 16. Bg5 Ncd7 17. Nf5 h6 18. Bh4 Re6 19. b4 Bb7 20. Ne2 Rde8 21. Ned4 Rxe4 22. Bxe4 Rxe4 23. f3 Rxe1+ 24. Rxe1 c5 25. Nb5 Qc6 26. Nbxd6 Ba8 27. Ne4 Nxe4 28. Rxe4 Qxa4 29. Re8 Qa1+ 30. Kf2 Bxf3 31. Qxd7 Kh7 32. Ng3 (32. Rxf8 Qh1 33. Qxf7) 32... cxb4 33. Qf5+ Kg8 34. Rxf8+ 1-0

[Event "Reykjavik Open 2024"]
[Site "Reykjavik"]
[Date "2024.03.17"]
[Round "4.13"]
[White "Adhiban, B.."]
[Black "Domalchuk-Jonasson, Aleksandr"]
[Result "1-0"]
[WhiteElo "2541"]
[BlackElo "2355"]
[PlyCount "65"]
[EventDate "2024.03.12"]
[EventCountry "ISL"]
[SourceTitle "playchess.com"]
[Source "ChessBase"]
[SourceQuality "1"]

1. e4 e5 2. Nf3 Nf6 3. Nxe5 d6 4. Nf3 Nxe4 5. d4 d5 6. Bd3 Bd6 7. O-O O-O 8. c4 c6 9. cxd5 cxd5 10. Nc3 Nxc3 11. bxc3 Bg4 12. h3 Bh5 13. Rb1 b6 14. Re1 Nc6 15. Kh1 Re8 16. Be3 Bc7 17. g4 Bg6 18. Bxg6 hxg6 19. Bg5 Rxe1+ 20. Qxe1 Qd7 21. Qf1 Re8 22. Re1 Re4 23. Be3 Qd6 24. Qg2 Qa3 25. Ng5 Qxc3 26. Qf1 Nxd4 27. Nxe4 dxe4 28. Rc1 Nc2 29. Qd1 Qe5 30. f4 exf3 31. Rxc2 Qxe3 32. Rxc7 f2 33. Qd8+ {undn wegen} (33. Qd8+ Kh7 34. Qh4+ Qh6 35. Qxh6+ gxh6 36. Rxf7+ Kg8 37. Rxf2) 1-0

[Event "Reykjavik Open 2024"]
[Site "Reykjavik"]
[Date "2024.03.17"]
[Round "4.21"]
[White "Pourkashiyan, Atousa"]
[Black "Naudin, Yvan"]
[Result "1-0"]
[WhiteElo "2270"]
[BlackElo "1912"]
[PlyCount "48"]
[EventDate "2024.03.12"]
[EventCountry "ISL"]
[SourceTitle "playchess.com"]
[Source "ChessBase"]
[SourceQuality "1"]

1. e4 c5 2. Nf3 Nc6 3. d4 cxd4 4. Nxd4 e5 5. Nb5 d6 6. N1c3 a6 7. Na3 Be6 8. Nd5 Bxd5 9. exd5 Nce7 10. c4 f5 11. Be2 g6 12. O-O Nf6 13. f4 Qb6+ 14. Kh1 exf4 15. Bxf4 Bg7 16. Qa4+ Kf7 17. c5 Qxc5 18. Rac1 b5 19. Qa5 Qd4 20. Bxd6 Nfxd5 21. Bf3 Rad8 22. Qxa6 Qa4 23. Bxd5+ Nxd5 24. Qb7+ Ke6 (24... Ke6 25. Rfe1+ Kxd6) 1-0

[Event "Reykjavik Open 2024"]
[Site "Reykjavik"]
[Date "2024.03.16"]
[Round "3.27"]
[White "Moussard, Jules"]
[Black "Ragnarsson, Dagur"]
[Result "1-0"]
[WhiteElo "2621"]
[BlackElo "2337"]
[PlyCount "45"]
[EventDate "2024.03.12"]
[EventCountry "ISL"]
[SourceTitle "playchess.com"]
[Source "ChessBase"]
[SourceQuality "1"]

1. c4 c6 2. Nf3 d5 3. e3 Nf6 4. d4 Bf5 5. Nc3 e6 6. Nh4 Bg6 7. Be2 Nbd7 8. O-O Bd6 9. g3 dxc4 10. Nxg6 hxg6 11. Bxc4 Qa5 12. e4 b5 13. Bd3 b4 14. Nb1 e5 15. Nd2 exd4 16. Nc4 Qc5 17. Bd2 Be7 18. Re1 Ne5 19. Bxb4 Qxb4 20. Nxe5 Qc5 21. Qa4 Kf8 22. f4 Rc8 23. Qb3 (23. Qb3 Nd5) 1-0

[Event "Reykjavik Open 2024"]
[Site "Reykjavik"]
[Date "2024.03.17"]
[Round "4.21"]
[White "Pourkashiyan, Atousa"]
[Black "Naudin, Yvan"]
[Result "1-0"]
[WhiteElo "2270"]
[BlackElo "1912"]
[PlyCount "48"]
[EventDate "2024.03.12"]
[EventCountry "ISL"]
[SourceTitle "playchess.com"]
[Source "ChessBase"]
[SourceQuality "1"]

1. e4 c5 2. Nf3 Nc6 3. d4 cxd4 4. Nxd4 e5 5. Nb5 d6 6. N1c3 a6 7. Na3 Be6 8. Nd5 Bxd5 9. exd5 Nce7 10. c4 f5 11. Be2 g6 12. O-O Nf6 13. f4 Qb6+ 14. Kh1 exf4 15. Bxf4 Bg7 16. Qa4+ Kf7 17. c5 Qxc5 18. Rac1 b5 19. Qa5 Qd4 20. Bxd6 Nfxd5 21. Bf3 Rad8 22. Qxa6 Qa4 23. Bxd5+ Nxd5 24. Qb7+ Ke6 (24... Ke6 25. Rfe1+) 1-0